000 01308nam a22002657a 4500
005 20170124103156.0
010 _aB-144402
020 _c175.00
_a8188729106
035 _aB-144402
037 _bCen Lib/Ret
040 _aDPL
_bHN
082 _a921
_bलाजप
100 _aलाजपतराय
_989671
245 _aइटली का महान देशभक्त :
_cलाजपतराय; संपादक भवानीलाल भारतीय
_bगैरी वाल्डी /
246 _aItali ka mahan deshbhakt : Gairi Waldi /
_bby Lajpat Rai; sampadak Bhawani Lal Bhartiya
260 _aनई दिल्ली
_bसुकीर्ति पब्लिकेशन्स
_c2004
270 _bनई दिल्ली
_a41, मेधा अपार्टमेंट, मयूर विहार-1
_e110091
300 _a167पृ.
_c21सेमी (सजिल्द)
650 _aदेशभक्त -- जीवनी -- इटली
_989672
650 _aगैरी वाल्डी -- जीवनी -- इटली
_989673
650 _aPatriots - Biography - Italy
_989674
650 _aGary Waldie - Biography - Italy
_989675
700 _aलाजपतराय
_989676
942 _2ddc
_cHN
_h921
_mलाजप
999 _c120318
_d120318